Largest Municipalities in Utah by First Letter - Statistics

General Stats
  • This quiz has been taken 10 times
  • The average score is 16 of 22
Answer Stats
First Letter County Population Municipality % Correct
O Utah 93,577 Orem
100%
P Utah 112,169 Provo
100%
S Salt Lake 215,548 Salt Lake City
100%
C Iron 42,923 Cedar City
90%
L Utah 99,142 Lehi
90%
W Salt Lake 130,801 West Valley City
90%
A Utah 41,881 American Fork
80%
D Salt Lake 48,652 Draper
80%
H Salt Lake 62,607 Herriman
80%
N Davis 23,874 North Salt Lake
80%
B Davis 43,056 Bountiful
70%
E Utah 65,142 Eagle Mountain
70%
F Davis 26,567 Farmington
70%
K Salt Lake 38,455 Kearns
70%
R Salt Lake 44,564 Riverton
70%
T Salt Lake 54,916 Taylorsville
70%
V Utah 15,561 Vineyard
70%
U Weber 1,366 Uintah
60%
G Tooele 16,951 Grantsville
50%
I Washington 10,886 Ivins
50%
M Salt Lake 61,228 Millcreek
50%
J Sevier 315 Joseph
40%
No matching quizzes found
Score Distribution
Percent of People with Each Score
Percentile by Number Answered
Your Score History
You have not taken this quiz